000 00930cab a2200277 4500
001 ABS51012
008 090401t1994 xxu||||| |||| 00| 0 eng d
035 _a(Sirsi) u4993
041 _aeng
100 _aPowell-Smith, V.
245 _aDefective performance and repudiation
260 _c1994
350 _a0
490 _aContract Journal
_v374(5984) 21 July 1994, 9(1)
520 _aUses "Sheffield v Conrad" (1987) to illustrate the point that the repudiatory breach does not bring the contract to an end; this is done by the acceptance by the other party of the repudiation.
650 _aACCEPTANCE
650 _aBREACH OF CONTRACT
650 _aBUILT ENVIRONMENT-BUILDING CONTRACT FORMS
650 _aBUILDING DEFECTS
650 _aREPUDIATION
650 _aREPUDIATORY BREACH
650 _aSHEFFIELD V CONRAD
690 _aBUILT ENVIRONMENT-BUILDING CONTRACT FORMS
942 _n0
948 _c04/03/1997
999 _c3008
_d3008